1118 1625 1446 1439 1779 1729 1824 1563 1373 1972 1560 1018 1003 1013 1200 1499 1909 1972 1427 1997 1525 1659 1956 1646 1335 1614 1273 1941 1757 1327 1786 1276 1952 1047 1659 1585 1769 1533 1465 1054 1797 1695 1299 1347 1590 1013 1502 1069 1539 1832 1161 1381 1660 1655 1093 1924 1376 1960 1253 1732 1982 1218 1036 1937 1405 1772 1185 1496 1068 1969 1859 1051 1511 1910 1318 1608 1387 1784 1114 1999 1490 1086 1924 1520 1733 1153 1381 1826 1215 1657 1378 1835 1091 1188 1339 1726 1957 1504 1394 BCNSPRNW ULIB Ver.6.0+V

เปลี่ยนเป็นภาษาไทย

Change to English
 แสดงรายละเอียดบรรณานุกรม
  กลับหน้าหลัก

Brief Record : Get Marc (ISO 2709) : E-mail record : QR code < ปิดหน้าต่าง
LEADER : 00000nam 2200000uu 4500
001    13399115097
003     ULIB
008    120709s2551||||th 000 0 tha d
020    ^a9789747706604
090    ^aนว.^bล699ค 2551
100 0  ^aลูกชุบ
245 00 ^aคีย์รัก จังหวะหัวใจ เล่ม 2/^cลูกชุบ
250    ^aพิมพ์ครั้งที่ 1
260    ^aกรุงเทพฯ :^bแจ่มใส,^c2551
300    ^a223 หน้า
710 1  ^aแจ่มใส
945    ^p0^l0^i14814
995    ^aกัณชพร
999    ^aใช้งานได้ทุกระบบ
รายการนี้ยังไม่มีแท็ก
คุณยังไม่ได้ล็อกอิน คุณสามารถมีกิจกรรมร่วมกับเว็บไซต์ได้ แต่ต้องล็อกอินก่อน ::
  ล็อกอิน

รายการสื่อสารสนเทศ

ลำดับที่ ประเภท เลขเรียก/บาร์โค้ด สถานที่ สถานะ
1. นวนิยาย
นวนิยาย
นว. ล699ค 2551  
  Barcode: 14814
ห้องสมุดวิทยาเขตสวรรค์ประชารักษ์
►นวนิยาย
บนชั้น
  ขอยืม

รายการใกล้เคียง
    ผู้แต่ง [ลูกชุบ]

BibComment


ยังไม่เคยถูกคอมเมนท์

คอมเมนท์ทรัพยากรรายการนี้
  คอมเมนท์: คีย์รัก จังหวะหั..


 Copyright 2026. Bcnsprnw @Library